000 nam a22 a 4500
999 _c56274
_d56274
003 BLK
005 20220921164038.0
008 180408b bul|||||r ||||||| ||bul||
010 _aKNG00060253000
040 _aBLK
041 _aBUL
_cBUL
080 _aИкономическо положение. Икономическа политика. Управление. Планиране. Производство. Услуги. Цени
_b338
_x(497.2)(091)
_z338(497.2)(091)
100 1 _aБеров, Любен Борисов
_eпърви автор
_9246745
139 _aБеров, Любен Борисов
_bБ 40
245 1 0 _aИкономическото развитие на България през вековете
_bИзследване
_cЛюбен Борисов Беров.
257 _aBGR
260 _aСофия
_bПрофиздат
_c1974
300 _a343 с.
_c22 см
380 _a3
500 _a4 146 тир. - Библиогр. под линия
650 4 _aИкономика - България - история
_9286758
650 4 _aНародно стопанство - България
_9280973
651 4 _aБългария
_9241624
653 _aикономика
852 _aЦб 75817
856 4 _qpdf
856 4 _qpdf
942 _cKNG
_n0
_01
_s1
944 _aCR
_c13.06.2004
_kНаталия_Медовщикова
944 _aED
_c2022-09-21
_kир
999 _d56274